[Event "Frankfurt-ch"]
[Site "Frankfurt"]
[Date "2008.06.09"]
[Round "6"]
[White "Froehlich Dill, Astrid"]
[Black "Schirmer, Karl Heinz"]
[Result "1-0"]
[WhiteElo "1997"]
[BlackElo "1716"]
[PlyCount "120"]
[EventDate "2008.04.28"]
[EventType "swiss"]
[EventRounds "7"]
[EventCountry "GER"]
[SourceTitle "EXT 2009"]
[Source "ChessBase"]
[SourceDate "2008.11.26"]
[SourceVersion "1"]
[SourceVersionDate "2008.11.26"]
[SourceQuality "1"]

1. d4 e6 2. c4 Nf6 3. Nc3 Bb4 4. Bg5 d5 5. e3 0-0 6. Bd3 Nbd7 7. cxd5 exd5 8. Nge2 c6 9. 0-0 Be7 10. Rc1 Ne8 11. Bxe7 Qxe7 12. Nf4 Qg5 13. b4 Ndf6 14. b5 Nd6 15. bxc6 bxc6 16. Nce2 Bd7 17. Ng3 g6 18. f3 h5 19. Qd2 h4 20. Nh1 Nf5 21. Bxf5 Qxf5 22. g4 Qg5 23. Nf2 Nh7 24. N2h3 Qe7 25. Rfe1 Ng5 26. Nxg5 Qxg5 27. h3 f5 28. Qd3 Kh7 29. Kh2 fxg4 30. fxg4 Kh6 31. Rf1 Rab8 32. Rc2 Rb6 33. Rcf2 Rfb8 34. Nxg6 Rb2 35. Ne5 Be8 36. Kg1 Rxf2 37. Rxf2 Bg6 38. Qxg6+ Qxg6 39. Nxg6 Kxg6 40. Rc2 Rb6 41. Kf2 Kg5 42. Kf3 Ra6 43. Ke2 Kg6 44. Kd3 Ra3+ 45. Kd2 Ra6 46. Kc1 Kg5 47. Kb1 Rb6+ 48. Rb2 Ra6 49. Rb3 Ra4 50. Kb2 Ra5 51. Rc3 Rb5+ 52. Kc2 Ra5 53. a3 Ra6 54. Kb2 Rb6+ 55. Rb3 Ra6 56. Kc3 Ra4 57. Kd3 Rc4 58. Rc3 Ra4 59. e4 Kf4 60. e5 Ra6 1-0

[Event "Frankfurt-ch"]
[Site "Frankfurt"]
[Date "2008.05.05"]
[Round "2"]
[White "Grohmueller, Robert"]
[Black "Schirmer, Karl Heinz"]
[Result "0-1"]
[WhiteElo "1350"]
[BlackElo "1716"]
[PlyCount "76"]
[EventDate "2008.04.28"]
[EventType "swiss"]
[EventRounds "7"]
[EventCountry "GER"]
[SourceTitle "EXT 2009"]
[Source "ChessBase"]
[SourceDate "2008.11.26"]
[SourceVersion "1"]
[SourceVersionDate "2008.11.26"]
[SourceQuality "1"]

1. d4 e6 2. c4 Nf6 3. Bg5 d5 4. Nc3 Be7 5. Nf3 0-0 6. g3 c6 7. Bg2 Nbd7 8. 0-0 dxc4 9. a4 Nd5 10. Bxe7 Qxe7 11. e4 N5f6 12. Qe2 b6 13. Qxc4 Bb7 14. Rfe1 Rac8 15. Rad1 e5 16. Qd3 exd4 17. Nxd4 g6 18. Qe3 Ng4 19. Qe2 Ngf6 20. e5 Nd5 21. Nxd5 cxd5 22. Nb5 Ba6 23. Bxd5 Nc5 24. Bc4 Rcd8 25. Qg4 Rxd1 26. Qxd1 Rd8 27. Qf3 Bxb5 28. Bxb5 Kg7 29. Bc4 Nxa4 30. b3 Nc5 31. b4 Ne6 32. b5 Rd4 33. Qc6 Nc5 34. Bd5 Rd2 35. Bf3 Nd3 36. Be2 Nxe1 37. Kf1 Nc2 38. Bf3 Nd4 0-1

[Event "Frankfurt-ch"]
[Site "Frankfurt"]
[Date "2008.04.28"]
[Round "1"]
[White "Schirmer, Karl Heinz"]
[Black "Zuyev, Igor"]
[Result "0-1"]
[WhiteElo "1716"]
[BlackElo "2265"]
[PlyCount "72"]
[EventDate "2008.04.28"]
[EventType "swiss"]
[EventRounds "7"]
[EventCountry "GER"]
[SourceTitle "EXT 2009"]
[Source "ChessBase"]
[SourceDate "2008.11.26"]
[SourceVersion "1"]
[SourceVersionDate "2008.11.26"]
[SourceQuality "1"]

1. d4 d5 2. c4 Nc6 3. Nf3 Bg4 4. e3 e6 5. Nc3 Nf6 6. cxd5 exd5 7. Be2 Bd6 8. 0-0 0-0 9. Nd2 Bxe2 10. Qxe2 a6 11. a3 Qd7 12. b4 Rfe8 13. Qf3 Ne7 14. e4 Nc6 15. Qd3 dxe4 16. Ndxe4 Nxe4 17. Nxe4 Nxd4 18. Nxd6 Qxd6 19. Kh1 Nc6 20. Qf3 Qe6 21. Be3 Rad8 22. Rab1 Rd3 23. a4 Rd5 24. b5 Ne5 25. Qg3 axb5 26. Rxb5 Rxb5 27. axb5 Qc4 28. Rc1 Qxb5 29. h4 Qd5 30. Rxc7 Qd1+ 31. Kh2 Ng4+ 32. Kh3 h5 33. Rc1 Qd7 34. Rc7 Qe6 35. Bf4 Ne3+ 36. Kh2 Nf1+ 0-1

[Event "Frankfurt-ch"]
[Site "Frankfurt"]
[Date "2005.05.30"]
[Round "5"]
[White "Bittner, Peter"]
[Black "Schirmer, Karl Heinz"]
[Result "1-0"]
[WhiteElo "1700"]
[BlackElo "1846"]
[PlyCount "63"]
[EventDate "2005.04.25"]
[EventType "swiss"]
[EventRounds "7"]
[EventCountry "GER"]
[SourceTitle "EXT 2006"]
[Source "ChessBase"]
[SourceDate "2005.11.24"]
[SourceVersion "1"]
[SourceVersionDate "2005.11.24"]
[SourceQuality "1"]

1. e4 e6 2. Nc3 d5 3. exd5 exd5 4. d4 Be7 5. Nf3 Nf6 6. h3 Bf5 7. Bd3 Bxd3 8. Qxd3 c6 9. Be3 Nbd7 10. 0-0 0-0 11. Rae1 Bd6 12. a3 Qc7 13. Qd2 b5 14. Nh4 a5 15. Nf5 b4 16. axb4 axb4 17. Ne2 Ne4 18. Qc1 g6 19. Nxd6 Nxd6 20. Bf4 Rfe8 21. Bg3 Kg7 22. Nf4 Nf6 23. Nd3 Nfe4 24. Bh2 f6 25. f3 Ng5 26. Nc5 Kg8 27. Qf4 Ngf7 28. Qxf6 Rxe1 29. Rxe1 Qd8 30. Re7 Ra7 31. Be5 Kf8 32. Ne6+ 1-0